Sports Quiz

Random Sports or NBA Quiz

New York All-Stars (1990s) Quiz Stats

 Plays Quiz not verified by Sporcle

Score 0/135 Timer 07:00
0 Plays Today
Year Player % Correct
YankeesDerek Jeter
91.5%
YankeesDerek Jeter
91.5%
KnicksPatrick Ewing
85.1%
KnicksPatrick Ewing
85.1%
KnicksPatrick Ewing
85.1%
KnicksPatrick Ewing
85.1%
KnicksPatrick Ewing
85.1%
KnicksPatrick Ewing
85.1%
KnicksPatrick Ewing
85.1%
YankeesBernie Williams
80.9%
YankeesBernie Williams
80.9%
YankeesBernie Williams
80.9%
KnicksPatrick Ewing
79.2%
NetsJayson Williams
77.7%
YankeesMariano Rivera
75.9%
YankeesMariano Rivera
75.9%
MetsMike Piazza
74.3%
MetsMike Piazza
74.3%
JetsCurtis Martin
72.3%
RangersMark Messier
70.3%
RangersMark Messier
70.3%
RangersMark Messier
70.3%
RangersMark Messier
70.3%
JetsKeyshawn Johnson
70.1%
MetsHoward Johnson
70%
GiantsPepper Johnson
70%
MetsLance Johnson
70%
RangersMark Messier
66.1%
KnicksJohn Starks
65.4%
YankeesTino Martinez
65.1%
MetsDavid Cone
64.4%
YankeesDavid Cone
64.4%
YankeesDavid Cone
64.4%
Yankees Paul O'Neill
63.5%
Yankees Paul O'Neill
63.5%
YankeesPaul O'Neill
63.5%
YankeesPaul O'Neill
63.5%
GiantsLawrence Taylor
62.9%
GiantsLawrence Taylor
59.8%
GiantsPhil Simms
59.5%
GiantsMichael Strahan
58.7%
GiantsMichael Strahan
58.7%
JetsVinny Testaverde
57%
Yankees Andy Pettitte
56.4%
YankeesDavid Wells
56.2%
Year Player % Correct
DevilsMartin Brodeur
55.7%
DevilsMartin Brodeur
55.7%
DevilsMartin Brodeur
55.7%
DevilsMartin Brodeur
55.7%
KnicksCharles Oakley
54.7%
MetsDarryl Strawberry
54%
YankeesScott Brosius
53.9%
Yankees Wade Boggs
52.2%
Yankees Wade Boggs
52.2%
Yankees Wade Boggs
52.2%
Yankees Wade Boggs
52.2%
RangersWayne Gretzky
49%
RangersWayne Gretzky
49%
RangersWayne Gretzky
49%
RangersBrian Leetch
47.6%
RangersBrian Leetch
47.6%
RangersBrian Leetch
47.6%
RangersBrian Leetch
47.6%
RangersBrian Leetch
47.6%
RangersBrian Leetch
47.6%
RangersBrian Leetch
43.2%
Yankees John Wetteland
42.6%
RangersBrian Leetch
42.3%
RangersMike Richter
42%
RangersMike Richter
42%
NetsKenny Anderson
41.9%
MetsTodd Hundley
41%
MetsTodd Hundley
41%
DevilsScott Stevens
40.5%
DevilsScott Stevens
40.5%
DevilsScott Stevens
40.5%
DevilsScott Stevens
40.5%
DevilsScott Stevens
40.5%
DevilsScott Stevens
40.5%
DevilsScott Stevens
40.5%
Yankees Jimmy Key
36.9%
Yankees Jimmy Key
36.9%
NetsDerrick Coleman
35.2%
MetsBobby Jones
35.1%
GiantsRodney Hampton
34.4%
GiantsRodney Hampton
34.4%
JetsKen O'Brien
33.6%
MetsJohn Franco
31.8%
Yankees Steve Sax
31.5%
RangersAdam Graves
28%
Year Player % Correct
JetsBoomer Esiason
27.8%
Yankees Mike Stanley
23.9%
DevilsScott Niedermayer
23%
GiantsDave Meggett
21.5%
MetsBobby Bonilla
21.1%
MetsBobby Bonilla
21.1%
Yankees Roberto Kelly
20.6%
MetsFrank Viola
20.5%
MetsFrank Viola
20.5%
GiantsJessie Armstead
20.1%
GiantsJessie Armstead
20.1%
IslandersPat LaFontaine
18.1%
IslandersPat LaFontaine
18%
MetsBret Saberhagen
16.8%
JetsMo Lewis
16.6%
IslandersPierre Turgeon
16.2%
IslandersPierre Turgeon
16.2%
GiantsSean Landeta
15.9%
GiantsBart Oates
14.6%
GiantsBart Oates
14.6%
GiantsBart Oates
14.6%
IslandersZigmund Palffy
14.6%
IslandersZigmund Palffy
14.5%
MetsRick Reed
13.8%
RangersMike Gartner
12.5%
GiantsJumbo Elliott
10.6%
JetsAaron Glenn
10.3%
JetsAaron Glenn
10.3%
DevilsBobby Holik
9.9%
DevilsBobby Holik
9.9%
Yankees Scott Sanderson
9.3%
JetsRob Moore
9.2%
DevilsJohn MacLean
8.9%
GiantsReyna Thompson
7.9%
GiantsErik Howard
6.6%
RangersKevin Lowe
5.4%
DevilsKirk Muller
5.3%
GiantsWilliam Roberts
4.9%
RangersPat Verbeek
4.6%
IslandersRay Ferraro
4.5%
IslandersMathieu Schneider
3.2%
JetsErik McMillan
2.7%
DevilsCraig Billington
2.7%
RangersDarren Turcotte
2.1%
IslandersScott Lachance
1.8%

You're not logged in!

Compare scores with friends on all Sporcle quizzes.
OR
Log In

Show Comments

Extras

Top Quizzes Today


Score Distribution

Your Account Isn't Verified!

In order to create a playlist on Sporcle, you need to verify the email address you used during registration. Go to your Sporcle Settings to finish the process.

Report this User

Report this user for behavior that violates our Community Guidelines.

Details: